000 00991nac a2200313 a 4500
003 CO-PeBPM
005 20260326093756.0
007 ta
008 260326s1997 ck |||| |||| 00| 0 spa d
020 _a8475092489
040 _aCO-PeBPM
_bspa
_cCO-PeBPM
_erda
041 _aspa
082 0 4 _a616.89156 M668t
_222
100 1 _aMinuchin, Salvador
_eautor
245 1 0 _aTécnicas de terapia familiar
_c/ Salvador Minuchin, H. Charles Fishman; traducción de José Luis Etcheverry
250 _acuarta reimpresión
264 _aBarcelona, España
_b: Paídos
_c, 1997
300 _a286 páginas
_c22 centimetros
336 _2rdacontent
_atexto
_btxt
337 _2rdamedia
_asin mediación
_bn
338 _2rdacarrier
_avolumen
_bnc
490 _aTerapia familiar
_v9
500 _aIncluye índice
650 1 7 _aPsicoterapia familiar
_2LEMB
650 1 7 _aPsicoterapia de grupo
_2LEMB
650 1 7 _aPsicoterapia
_2LEMB
700 1 _aFishman, H. Charles
_ecoautor
942 _2ddc
_n0
_cBK
999 _c107259
_d107259